Bilecik Bilecik Bilecik Bilecik Bilecik

Ahvâl-i gazavat der diyar-ı Bosna = (Record no. 16633)

MARC details
000 -BAŞLIK
Sabit Uzunluktaki Kontrol Alanı 01447nam a22004337a 4500
001 - KONTROL NUMARASI
Control Dosyası 0016672
003 - KONTROL NUMARASI KİMLİĞİ
Kontrol Alanı KOHA_MİRAKIL
005 - EN SON İŞLEM TARİHİ ve ZAMANI
Kontrol Alanı 20260207002112.0
007 - FİZİKSEL TANIM SABİT ALAN - GENEL BİLGİ
Sabit uzunluklu kontrol alanı ta
008 - SABİT UZUNLUKTAKİ VERİ ÖGELERİ - GENEL BİLGİ
Sabit Alan 100421b1977 tu |||gr||||#0|||0|tur |
040 ## - KATALOGLAMA KAYNAĞI
Özgün Kataloglama Kurumu TR-BiSEU
Kataloglama Dili tur
Çeviri Kurumu TR-BiSEU
Açıklama Kuralları rda
041 0# - DİL KODU
Metin ya da ses kaydının dil kodu tur
044 ## - YAYINLAYAN/ÜRETEN KURULUŞUN ÜLKE KODU
ISO country code tu
050 ## - SINIFLAMA ve YER NUMARASI
Sınıflama Numarası DR548
Yer Numarası .O35 1977
100 0# - KİŞİ ADI
Yazar Adı (Kişi adı) Ömer Bosnavi.
240 10 - TEK BİÇİM BAŞLIK
Tekbiçim Başlık <a href="Bosna savaşları">Bosna savaşları</a>
Language of a work Türkçe
245 1# - ESER ADI BİLDİRİMİ
Başlık Ahvâl-i gazavat der diyar-ı Bosna =
Alt Eseradı vb. Bosna savaşları/
Sorumluluk Bildirimi Ömer Bosnavi ; Ömer Efendi; editör Mehmet Açıkgözoğlu.
264 #1 - ÜRERİM, YAYIN, DAĞITIM ve TELİF BİLDİRİMİ
Yayın yeri İstanbul :
Yayınlayan Ötüken Yayınevi
Yayın tarihi 1977
300 ## - FİZİKSEL TANIMLAMA
Sayfa, Cilt vb. 102 sayfa; 20 cm.
336 ## - İÇERİK TÜRÜ
Content type term metin
Content type code txt
Source rdacontent
337 ## - MEDYA TÜRÜ
Media type term aracısız
Media type code n
Source rdamedia
338 ## - TAŞIYICI TÜRÜ
Carrier type term cilt
Carrier type code nc
Source rdacarrier
490 1# - DİZİ BİLDİRİMİ
Dizi Bildirimi Ötüken ;
Cilt Numarası yayın nu.
490 1# - DİZİ BİLDİRİMİ
Dizi Bildirimi 123.
490 1# - DİZİ BİLDİRİMİ
Dizi Bildirimi Tarih serisi ;
Cilt Numarası 1
500 ## - GENEL NOT
Genel Not "Donated by Stanford J. Shaw and Ezel Kural Shaw."
500 ## - GENEL NOT
Genel Not Modernized text.
500 ## - GENEL NOT
Genel Not Also known as: Tarih-i Bosna der zaman-ı Hekimzade Ali Paşa.
650 #0 - KONU BAŞLIĞI EK GİRİŞ - KONU TERİMİ
Konusal terim veya coğrafi ad Austro-Turkish War, 1737-1739.
9 (RLIN) 38618
650 #0 - KONU BAŞLIĞI EK GİRİŞ - KONU TERİMİ
Konusal terim veya coğrafi ad Hekimoğlu Ali Paşa, 1689-1758.
9 (RLIN) 38619
650 #0 - KONU BAŞLIĞI EK GİRİŞ - KONU TERİMİ
Konusal terim veya coğrafi ad Bosnia and Hercegovina--History.
9 (RLIN) 38620
650 #0 - KONU BAŞLIĞI EK GİRİŞ - KONU TERİMİ
Konusal terim veya coğrafi ad Avusturya-Türk savaşı, 1737-1739.
9 (RLIN) 38621
650 #0 - KONU BAŞLIĞI EK GİRİŞ - KONU TERİMİ
Konusal terim veya coğrafi ad Bosna ve Hersek--Tarih.
9 (RLIN) 38622
830 1# - SERİ EK GİRİŞİ - TEKBİÇİM ESER ADI
Tekbiçim Başlık Ötüken ;
Volume number/sequential designation yayın nu.
9 (RLIN) 23324
830 1# - SERİ EK GİRİŞİ - TEKBİÇİM ESER ADI
Tekbiçim Başlık 123.
9 (RLIN) 26824
830 1# - SERİ EK GİRİŞİ - TEKBİÇİM ESER ADI
Tekbiçim Başlık Tarih serisi ;
Volume number/sequential designation 1
9 (RLIN) 13124
907 ## - LOCAL DATA ELEMENT G, LDG (RLIN)
a Tarih
942 ## - EK GİRİŞ ÖGELERİ (KOHA)
Source of classification or shelving scheme Library of Congress Classification
Koha item type Book
Holdings
Materyal Türü Kalıcı Konum Mevcut Konum Raf Yeri Sınıflandırma Kaynağı Edinim Bilgisi Ana Konular Alt Konular Yer Numarası Demirbaş Numarası Fatura Tarihi Geri Çekilme Durumu Kayıp Durumu Hasarlı Durumu Kredi için değil Kayıt Tarih Toplam Ödünçverme Son Görülme Tarihi Son Kontrol Tarihi Genel / Bağış Notu
Book Prof. Dr. Azmi Özcan Kütüphanesi Prof. Dr. Azmi Özcan Kütüphanesi Uluğbey Salonu Library of Congress Classification Bağış DÜNYA TARİHİ (AVRUPA, ASYA, AFRİKA VB.) Balkan Yarımadası DR548 .O35 1977 0016672 13/08/2010         21/04/2010 1 05/12/2024 05/12/2024 M.Ali Gökaçtı